| 000 | 01456nam0a22003491 4500 | ||
|---|---|---|---|
| 001 | rc\1054876 | ||
| 005 | 20250622093519.0 | ||
| 035 | _a(NLR Aleph) 006215994 | ||
| 090 |
_a6418622 _c6418622 |
||
| 100 | _a20041129d1980 |||y0rusy50 ca | ||
| 101 | 0 | _arus | |
| 102 | _aRU | ||
| 105 | _ay ||||||||| | ||
| 200 | 1 |
_aАнтология литовской советской поэзии _e[Сб. переводов _fСост. Р. Тримонис _gАвт. вступ. статьи В. Арешка, с. 5-30] |
|
| 210 |
_aВильнюс _cVaga _d1980 |
||
| 215 |
_a583 с. _d22 |
||
| 320 | _aБиблиогр.: с. 550-565 | ||
| 327 | 0 | _aАвт.: С. Монтвила, С. Нерис, Л. Гира, Йоварас, А. Ластас, П. Вайчюнас, В.М. Палецкис и др. | |
| 464 | 0 |
_1700#1$aМонтвила$bС. _aМонтвила, С. |
|
| 464 | 0 |
_1700#1$aНерис$bС. _aНерис, С. |
|
| 464 | 0 |
_1700#1$aГира$bЛ. _aГира, Л. |
|
| 464 | 0 |
_1700#0$aЙоварас$f1880-1967$3RU\NLR\AUTH\770190854 _aЙоварас (1880-1967) |
|
| 464 | 0 |
_1700#1$aЛастас$bА. _aЛастас, А. |
|
| 464 | 0 |
_1700#1$aВайчюнас$bП. _aВайчюнас, П. |
|
| 464 | 0 |
_1700#1$aПалецкис$bВ.М. _aПалецкис, В.М. |
|
| 702 | 1 |
_aТримонис _bР. _gРитис _4220 |
|
| 801 | 0 |
_aRU _bNLR _gpsbo |
|
| 801 | 1 |
_aRU _bELAR _2rusmarc |
|
| 852 |
_aNLR _j80-3/5537 |
||
| 942 | _cBOOK | ||
| 980 | _aNB | ||